[Event "OP-2013-0-03095"]
[Site "LSS email"]
[Date "2013.11.02"]
[Round "?"]
[White "Lenz, Juergen"]
[Black "Van Beele, Jan Warner"]
[Result "1-0"]
[WhiteElo "976"]
[BlackElo "979"]
[PlyCount "37"]
[EventDate "2013.10.30"]
[EventType "tourn (corr)"]
[EventRounds "4"]
[EventCountry "GER"]
[SourceTitle "Telechess CBM 167"]
[Source "ChessBase"]
[SourceDate "2015.07.13"]
[SourceVersion "1"]
[SourceVersionDate "2015.07.13"]
[SourceQuality "1"]

1. d4 Nf6 2. Nf3 g6 3. Bf4 Bg7 4. e3 0-0 5. h3 c5 6. c3 b6 7. a4 Bb7 8. Be2 d5 9. Ne5 Ne4 10. 0-0 f6 11. Nf3 Nd7 12. Nbd2 e5 13. Bh2 Nxd2 14. Qxd2 e4 15. Ne1 c4 16. f3 f5 17. fxe4 fxe4 18. Nc2 Qe7 19. a5 1-0

[Event "SN-2013-0-00543"]
[Site "LSS email"]
[Date "2013.10.07"]
[Round "?"]
[White "Van Beele, Jan Warner"]
[Black "Smith, Harry"]
[Result "0-1"]
[WhiteElo "800"]
[BlackElo "739"]
[PlyCount "24"]
[EventDate "2013.09.18"]
[EventType "tourn (corr)"]
[EventRounds "6"]
[EventCountry "GER"]
[SourceTitle "Corr 2022"]
[Source "ChessBase"]
[SourceDate "2021.10.24"]
[SourceVersion "1"]
[SourceVersionDate "2021.10.24"]
[SourceQuality "1"]

1. e4 e6 2. d4 d5 3. Nc3 Bb4 4. e5 Ne7 5. a3 Bxc3+ 6. bxc3 0-0 7. Bd3 Nbc6 8. Qh5 Nf5 9. Nf3 Nce7 10. g4 g6 11. Qh3 Ng7 12. Qh6 f5 0-1

[Event "SN-2013-0-00513"]
[Site "LSS email"]
[Date "2013.05.31"]
[Round "?"]
[White "Van Beele, Jan Warner"]
[Black "Perez Billinghurst, Ricardo"]
[Result "1-0"]
[WhiteElo "976"]
[BlackElo "645"]
[PlyCount "53"]
[EventDate "2013.05.05"]
[EventType "tourn (corr)"]
[EventRounds "6"]
[EventCountry "GER"]
[SourceTitle "Telechess CBM 165"]
[Source "ChessBase"]
[SourceDate "2015.03.11"]
[SourceVersion "1"]
[SourceVersionDate "2015.03.11"]
[SourceQuality "1"]

1. e4 d6 2. d4 h6 3. Nc3 e6 4. Nf3 d5 5. exd5 exd5 6. Bd3 Nf6 7. 0-0 Be7 8. Re1 h5 9. Bg5 0-0 10. Ne5 Ng4 11. Bxe7 Qxe7 12. Nxg4 Bxg4 13. Rxe7 Bxd1 14. Rxd1 Nc6 15. Rxc7 Nxd4 16. Rxb7 a5 17. Nxd5 Rfe8 18. c3 Red8 19. Nc7 Rac8 20. cxd4 Rxd4 21. Bh7+ Kxh7 22. Rxd4 f6 23. g3 Kh6 24. Ne6 Rc6 25. Nxg7 Rc5 26. Ne6 Kg6 27. Nxc5 1-0

[Event "SN-2013-0-00513"]
[Site "LSS email"]
[Date "2013.05.30"]
[Round "?"]
[White "Bearce, Harold L"]
[Black "Van Beele, Jan Warner"]
[Result "0-1"]
[WhiteElo "513"]
[BlackElo "976"]
[PlyCount "46"]
[EventDate "2013.05.05"]
[EventType "tourn (corr)"]
[EventRounds "6"]
[EventCountry "GER"]
[SourceTitle "Telechess CBM 165"]
[Source "ChessBase"]
[SourceDate "2015.03.11"]
[SourceVersion "1"]
[SourceVersionDate "2015.03.11"]
[SourceQuality "1"]

1. e4 e6 2. d4 d5 3. Nc3 Nf6 4. e5 Nfd7 5. Nf3 c5 6. Be2 Nc6 7. 0-0 cxd4 8. Nxd4 Ndxe5 9. a3 Nxd4 10. Qxd4 Nc6 11. Qd1 Bc5 12. Bf4 0-0 13. Qd2 Re8 14. Rfd1 Nd4 15. Bb5 Bd7 16. Bd3 e5 17. Bg3 Bg4 18. Re1 f6 19. Ne2 Nf5 20. Rad1 Nxg3 21. hxg3 e4 22. Bb5 e3 23. fxe3 Bxe3+ 0-1

[Event "SN-2013-0-00513"]
[Site "LSS email"]
[Date "2013.05.29"]
[Round "?"]
[White "Van Beele, Jan Warner"]
[Black "Kalinin, Aleksej"]
[Result "1-0"]
[WhiteElo "976"]
[BlackElo "697"]
[PlyCount "69"]
[EventDate "2013.05.05"]
[EventType "tourn (corr)"]
[EventRounds "6"]
[EventCountry "GER"]
[SourceTitle "Telechess CBM 165"]
[Source "ChessBase"]
[SourceDate "2015.03.11"]
[SourceVersion "1"]
[SourceVersionDate "2015.03.11"]
[SourceQuality "1"]

1. e4 e5 2. Nf3 Nc6 3. d4 exd4 4. Nxd4 Nge7 5. Bc4 Nxd4 6. Qxd4 Nc6 7. Qd5 Qf6 8. 0-0 Nb4 9. Qd1 Bc5 10. a3 Nc6 11. Nc3 0-0 12. Nd5 Qe5 13. Bf4 Qxe4 14. Bd3 Qd4 15. c3 Qxd5 16. Bxh7+ Kxh7 17. Qxd5 b6 18. Bxc7 Bb7 19. b4 Be7 20. Qxd7 Bf6 21. Bxb6 axb6 22. Qxb7 Bxc3 23. Qxc6 Bxa1 24. Rxa1 Rfc8 25. Qxb6 Rxa3 26. Qd4 Rc4 27. Qb2 Rac3 28. h3 Rc2 29. Qb3 R4c3 30. Qxf7 Rc7 31. Qh5+ Kg8 32. Ra8+ Rc8 33. Qd5+ Kh8 34. b5 Rxa8 35. Qxa8+ 1-0